Państwa według podpowiedzi #4 - Statystyki

Ogólne statystyki
  • Ten quiz został rozwiązany 13 169 razy
  • Średni wynik to 9 z 20
Statystyki odpowiedzi
Podpowiedzi: Państwo % Poprawnych
pączki, solidarność, Wisła Polska
99%
Patagonia, Lionel Messi, yerba mate Argentyna
88%
Bałkany, Tirana, flaga z dwugłowym orłem Albania
87%
poldery, wiatraki, drewniane buty Holandia
81%
Marakesz, Atlas, Cieśnina Gibraltarska Maroko
54%
kraje bałtyckie, Skype, głosowanie internetowe Estonia
53%
Grand Prix, kasyno, riviera Monako
50%
duża gęstość zaludnienia, tygrys bengalski, Pakistan Wschodni Bangladesz
46%
Arabska Wiosna Ludów, Kartagina, piraci berberyjscy Tunezja
41%
Galapagos, Chimborazo, Guayaquil Ekwador
40%
Syjam, Chiang Mai, kick-boxing Tajlandia
38%
Baszszar al-Assad, Aleppo, Lewant Syria
36%
Darfur, Nubia, piramidy Sudan
33%
najbardziej ruchliwy port, chłosta, azjatycki tygrys Singapur
31%
Rania al-Abd Allah, Petra, mansaf Jordania
25%
cedr, Lewant, Hezbollah Liban
25%
Góra Wilhelma, najwięcej języków, ptasi raj Papua-Nowa Gwinea
24%
Ameryka Środkowa, Rafa Koralowa ______, angielski Belize
22%
Formoza, Kuomintang, HTC Tajwan
21%
Arenal, brak wojska, najwyższy wskaźnik szczęścia Kostaryka
11%
Nie znaleziono quizów pasujących do podanych kryteriów
Rozkład punktacji
Procent ludzi z każdym wynikiem
Percentyl według liczby udzielonych odpowiedzi
Twoja historia wyników
Nie rozwiązałeś tego quizu